| 000 | 01294cam a2200337 i 4500 | ||
|---|---|---|---|
| 001 | 14556317 | ||
| 003 | EG-ScBUE | ||
| 005 | 20240609123042.0 | ||
| 008 | 060918r20082006enkbo f b 001 0 eng d | ||
| 020 | _a9781842777374 (pb) | ||
| 040 |
_aUKM _beng _erda _cUKM _dOCLCQ _dBAKER _dBWKUK _dDLC _dEG-ScBUE |
||
| 043 | _af-ug--- | ||
| 082 | 0 | 0 |
_a967.61044 _222 _bALL |
| 100 | 1 |
_aAllen, Tim, _d1956- _eauthor. _937040 |
|
| 245 | 1 | 0 |
_aTrial justice : _bthe international criminal court and the Lord's Resistance Army / _cTim Allen. |
| 250 | _aSecond impression. | ||
| 264 | 1 |
_aLondon ; _aNew York, United States : _bZed Books : _bInternational African Institute ; _aClaremont, South Africa : _bDavid Philip, _c2008. |
|
| 300 |
_axvi, 230 pages : _bmaps, photographs ; _c21 cm. |
||
| 336 |
_2rdacontent _atext _btxt |
||
| 337 |
_aunmediated _2rdamedia _bn |
||
| 338 |
_avolume _bnc _2rdacarrier |
||
| 490 | 0 | _aAfrican arguments | |
| 504 | _aIncludes bibliographical references and index. | ||
| 610 | 2 | 7 |
_aInternational Criminal Court. _2BUEsh _937041 |
| 610 | 2 | 7 |
_aLord’s Resistance Army. _2BUEsh _937043 |
| 650 | 7 |
_aWar crimes _zUganda. _2BUEsh _937044 |
|
| 651 | 7 |
_aUganda _xHistory _y1979- _2BUEsh _937045 |
|
| 653 |
_bBUSBOL _cJanuary2015 _cMarch2015 |
||
| 655 |
_vReading book _934232 |
||
| 942 |
_2ddc _cBB |
||
| 999 |
_c18822 _d18794 |
||